Top 50 NCAA College Basketball Teams With The Highest Win Percentage - Statistics

General Stats
  • This quiz has been taken 338 times
  • The average score is 25 of 50
Answer Stats
Win Percent Team % Correct
71.1% Duke
96%
73.6% North Carolina
96%
68.8% UCLA
92%
72.8% Kansas
89%
76.5% Kentucky
89%
61.4% Michigan State
88%
62.3% Texas
85%
63.6% Indiana
79%
61% Ohio State
78%
65.7% Arizona
74%
60.7% Gonzaga
73%
65.7% Villanova
73%
61% Oklahoma
70%
63.7% Connecticut
69%
67.6% Syracuse
68%
63.9% Illinois
64%
65.2% Louisville
63%
63.4% Purdue
63%
61.5% Alabama
61%
62% North Carolina State
61%
60% Washington
59%
63.9% Arkansas
58%
61.2% Georgetown
58%
61.1% Tennessee
58%
61.7% Pennsylvania
54%
60.3% Houston
53%
64.6% Notre Dame
52%
64.2% Saint John's
50%
69.1% UNLV
49%
64.3% Utah
49%
61.9% Marquette
47%
61.8% West Virginia
46%
64.2% Cincinnati
42%
62.1% BYU
41%
63.1% Memphis
39%
60.5% Creighton
37%
61.5% Princeton
36%
63.9% Temple
29%
59.9% Dayton
22%
65% VCU
16%
64.8% Murray State
13%
66% Western Kentucky
13%
61.1% Akron
8%
62.6% Missouri State
6%
62% UAB
4%
60.2% Stephen F. Austin
3%
62.9% Weber State
3%
64.2% Norfolk State
2%
61.3% Old Dominion
2%
63.9% Lipscomb
1%
No matching quizzes found
Score Distribution
Percent of People with Each Score
Percentile by Number Answered
Your Score History
You have not taken this quiz